| 000 | 00778cab a2200217 4500 | ||
|---|---|---|---|
| 001 | ABS50333 | ||
| 008 | 090401t1994 xxu||||| |||| 00| 0 eng d | ||
| 035 | _a(Sirsi) u75341 | ||
| 041 | _aeng | ||
| 100 | _aWard, G. | ||
| 245 | _aLegality of planning gain under s106 agreements | ||
| 260 | _c1994 | ||
| 350 | _a0 | ||
| 490 |
_aBuilding Engineer _v69(2) March 1994, 22-23(2) |
||
| 520 | _aDiscusses the Plymouth case which provides the clearest guidance available on what planning authorities are allowed to accept when rival developers offer planning gain as a means of pursuading them to grant permission. | ||
| 650 | _aPLANNING GAIN | ||
| 650 | _aTOWN AND COUNTRY PLANNING ACT 1990 S106 | ||
| 690 | _aPLANNING LAW AND PRACTICE | ||
| 942 | _n0 | ||
| 948 | _c04/03/1997 | ||
| 999 |
_c47455 _d47455 |
||